| 000 | 00359nam a2200145Ia 4500 | ||
|---|---|---|---|
| 008 | 230917s9999||||xx |||||||||||||| ||und|| | ||
| 040 |
_e59035 _aMAIN |
||
| 041 | _aEnglish | ||
| 082 | _a297.64 K527S | ||
| 100 | _aKhan, Hazrat Inayat | ||
| 245 | 4 | _aThe soul whence and whither | |
| 260 |
_aNew Lebanon _bSufi Order _c1977 |
||
| 300 | _a190 p. | ||
| 942 | _cBK | ||
| 999 |
_c226264 _d226264 |
||